zpět

Detail výsledku týmu

Benica, Benešov

Datum a čas kvízu

34 Celkem bodů Celkový počet nahraných bodů na tomto kvízu bez doplňovacích otázek.
2. Pořadí na kvízu Konečné umístění týmu na tomto kvízu.

Zaznamenané odpovědi

# Otázka Odpověď Body Výsledky
1. Minulý týden navštívil Českou... Mike Pompeo 1
2. Prezidentské volby v Bělorusku... Litva 1
3. Během akce proti extremismu s... Horkýže Slíže 0
4. Prezident jedné země v úterý o... Vladimir Putin 1
5. Hokejisté Bostonu přišli v prů... Tuukka Rask 0
6. Nedávno jsme se zabývali různý... Hadrián 1
7. Dne 24. července roku 1177 uza... Fridrich I. Barbarossa (Rudovous) 0
8. Dalším špičatým letopočtem v n... Albrecht Dürer 1
9. Dostáváme se do novověku, konk... (von) Laudon 1
10. Rok 1714 se stal jedním z důle... Gabriel Fahrenheit 0